Statistics for Famous Mamas and Idioms

Click here to take the quiz!

General Stats

  • This quiz has been taken 52 times
  • The average score is 11 of 17

Answer Stats

HintAnswer% Correct
He loves his motherMama's {Boy}
91%
Native LanguageMother {Tongue}
89%
Step on a crack, break your...Mother's {Back}
84%
Native CountryMother {Land}
82%
Famous saintMother {Teresa}
80%
The animal kingdom's most protective motherMama {Bear}
78%
A ...only a mother could loveFace
73%
Gambling Saying: Mama needs a new pair of...Shoes
71%
GaiaMother {Nature}
69%
MaryMother {of} {God}
69%
Precious material produced by some molluscsMother {of} {Pearl}
67%
Necessity is the...Mother {of} {Invention}
53%
Danny DeVito, Billy Crystal movieThrow Momma from the {Train}
53%
She has a very young boyfriend{Sugar} Mama
42%
A rich source of somethingMother {Lode}
40%
You...your mother with that...?Kiss Mouth
38%
CCCPMother {Russia}
24%

Score Distribution

Percentile by Number Answered

Percent of People with Each Score

Your Score History

You have not taken this quiz